| 000 | 00449nam a2200157 4500 | ||
|---|---|---|---|
| 999 |
_c243 _d243 |
||
| 020 | _a0869227262 | ||
| 050 | _aSB419 | ||
| 100 | _aCTA | ||
| 110 | _aTechnical Centre for Agricutlure and Rural Co-operation | ||
| 245 |
_aPropagating plants : _bAn organic approach _cCTA |
||
| 260 |
_aWageningen, The Netherlands: _bMambo Press, _c1998. |
||
| 300 |
_a1440 p.: _billustrations. |
||
| 500 | _aincludes index | ||
| 650 | _apropagating plants | ||
| 942 | _cBK | ||